[Event "FICGS W-ch st1 g06 email"]
[Site "FICGS email"]
[Date "2018.03.02"]
[Round "1"]
[White "Aahlad, Yeturu"]
[Black "Archip, Laurentiu"]
[Result "1-0"]
[WhiteElo "2017"]
[BlackElo "1459"]
[PlyCount "67"]
[EventDate "2018.??.??"]
[EventType "tourn (corr)"]
[EventRounds "8"]
[SourceTitle "Corr 2022"]
[Source "ChessBase"]
[SourceDate "2021.10.24"]
[SourceVersion "1"]
[SourceVersionDate "2021.10.24"]
[SourceQuality "1"]

1. c4 c5 2. Nc3 Nf6 3. Nf3 a6 4. g3 e6 5. Bg2 Nc6 6. d4 cxd4 7. Nxd4 Bc5 8. Be3 Nxd4 9. Bxd4 Bxd4 10. Qxd4 0-0 11. c5 Qc7 12. 0-0 Rb8 13. Na4 b5 14. cxb6 Qd8 15. Rfc1 Bb7 16. Bxb7 Rxb7 17. e4 Qe7 18. Rc7 Rxc7 19. bxc7 Rc8 20. Rc1 Ne8 21. Qb6 Rxc7 22. Rxc7 Nxc7 23. Qxc7 g6 24. Nc5 a5 25. Nxd7 Kg7 26. Qc3+ f6 27. Nc5 Qd6 28. Qxa5 f5 29. a4 Qd1+ 30. Kg2 g5 31. Qc7+ Kh6 32. Nxe6 fxe4 33. Qg7+ Kh5 34. Qxg5# 1-0

[Event "FICGS W-ch st1 g06 email"]
[Site "FICGS email"]
[Date "2018.03.02"]
[Round "1"]
[White "Archip, Laurentiu"]
[Black "Mohandoussaid, Malik"]
[Result "0-1"]
[WhiteElo "1459"]
[BlackElo "1656"]
[PlyCount "82"]
[EventDate "2018.??.??"]
[EventType "tourn (corr)"]
[EventRounds "8"]
[SourceTitle "Corr 2022"]
[Source "ChessBase"]
[SourceDate "2021.10.24"]
[SourceVersion "1"]
[SourceVersionDate "2021.10.24"]
[SourceQuality "1"]

1. c4 Nf6 2. d4 e6 3. Nf3 Bb4+ 4. Nc3 0-0 5. Bd2 d5 6. cxd5 exd5 7. e3 Bg4 8. Be2 Nc6 9. 0-0 Bxc3 10. Bxc3 Ne4 11. Rc1 Rc8 12. h3 Bh5 13. Nh2 Bg6 14. Bd3 f5 15. Qb3 b6 16. Bb5 Nb8 17. Bb4 c5 18. dxc5 bxc5 19. Be1 a6 20. Be2 Kh8 21. Qa3 c4 22. Bb4 Re8 23. Rfd1 Qh4 24. Be1 Nf6 25. Rd4 Qh6 26. Bf3 Red8 27. Bxd5 Nxd5 28. Rcxc4 Nf6 29. Rh4 Bh5 30. Rxc8 Rxc8 31. g4 fxg4 32. hxg4 Qg6 33. f3 Qb1 34. Kf1 Bg6 35. g5 Bd3+ 36. Kg2 Qxe1 37. Rf4 Rc2+ 38. Kh3 Bf1+ 39. Nxf1 Qxf1+ 40. Kg3 Rg2+ 41. Kh4 Qh1# 0-1

[Event "FICGS W-ch st1 g06 email"]
[Site "FICGS email"]
[Date "2018.03.02"]
[Round "1"]
[White "Archip, Laurentiu"]
[Black "Moreira, Jose"]
[Result "0-1"]
[WhiteElo "1459"]
[BlackElo "1857"]
[PlyCount "78"]
[EventDate "2018.??.??"]
[EventType "tourn (corr)"]
[EventRounds "8"]
[SourceTitle "Corr 2022"]
[Source "ChessBase"]
[SourceDate "2021.10.24"]
[SourceVersion "1"]
[SourceVersionDate "2021.10.24"]
[SourceQuality "1"]

1. c4 Nf6 2. d4 g6 3. Nf3 Bg7 4. Nc3 d6 5. e4 0-0 6. Bd3 c6 7. 0-0 Na6 8. a3 e5 9. d5 cxd5 10. cxd5 Nc5 11. b4 Nxd3 12. Qxd3 Bd7 13. Bg5 h6 14. Bxf6 Bxf6 15. Nb5 Qb6 16. Nc3 Rac8 17. Rfc1 Be7 18. Ra2 g5 19. Rac2 g4 20. Nd2 Bg5 21. Ne2 Bb5 22. Nc4 Qa6 23. Qg3 Rxc4 24. Qxg4 Rxc2 25. Rxc2 Qa4 26. Rd2 Bxe2 27. f3 Bb5 28. h4 Qxa3 29. hxg5 h5 30. Qxh5 Qc1+ 31. Kh2 Qxd2 32. g6 Qf4+ 33. g3 Qd2+ 34. Kh3 Bd7+ 35. g4 fxg6 36. Qxg6+ Kh8 37. Qxd6 Rxf3+ 38. Kh4 Qh2+ 39. Kg5 Qf4+ 0-1

[Event "FICGS class E 000205 email"]
[Site "FICGS email"]
[Date "2018.02.28"]
[Round "1"]
[White "Archip, Laurentiu"]
[Black "De la Foret, Fred"]
[Result "0-1"]
[WhiteElo "1451"]
[BlackElo "1284"]
[PlyCount "56"]
[EventDate "2018.??.??"]
[EventType "tourn (corr)"]
[EventRounds "5"]
[SourceTitle "Corr 2022"]
[Source "ChessBase"]
[SourceDate "2021.10.24"]
[SourceVersion "1"]
[SourceVersionDate "2021.10.24"]
[SourceQuality "1"]

1. c4 e5 2. Nc3 Nf6 3. e3 Nc6 4. Bd3 d5 5. cxd5 Nxd5 6. Nge2 Ndb4 7. Bc4 Bf5 8. e4 Be6 9. Bxe6 Nd3+ 10. Kf1 fxe6 11. Qb3 Qd7 12. Qxb7 Rb8 13. Qa6 Nc5 14. Qa3 Nb3 15. Qa4 Nxa1 16. d3 Be7 17. g3 Nb4 18. Qxa7 Rd8 19. Kg2 Nac2 20. a3 Nxd3 21. b4 0-0 22. f3 Nce1+ 23. Rxe1 Nxe1+ 24. Kh3 Qe8 25. g4 Rxf3+ 26. Ng3 Rxc3 27. Qa6 Qg6 28. b5 Rxc1 0-1

[Event "FICGS rapid D 000105 email"]
[Site "FICGS email"]
[Date "2018.01.02"]
[Round "1"]
[White "Archip, Laurentiu"]
[Black "Joubert, Hennie"]
[Result "1-0"]
[WhiteElo "1451"]
[BlackElo "1307"]
[PlyCount "59"]
[EventDate "2018.??.??"]
[EventType "tourn (rapid)"]
[EventRounds "5"]
[SourceTitle "Corr 2022"]
[Source "ChessBase"]
[SourceDate "2021.10.24"]
[SourceVersion "1"]
[SourceVersionDate "2021.10.24"]
[SourceQuality "1"]

1. c4 Nf6 2. d4 g6 3. Nf3 Bg7 4. g3 0-0 5. Bg2 d6 6. 0-0 Nbd7 7. Nc3 c6 8. b4 Qc7 9. c5 dxc5 10. bxc5 e5 11. dxe5 Nxe5 12. Nxe5 Qxe5 13. Bb2 Nd5 14. Bxd5 cxd5 15. Na4 Qc7 16. Bxg7 Kxg7 17. Qxd5 Bh3 18. Rfd1 Rad8 19. Qb3 Qc6 20. f3 Rfe8 21. Rxd8 Rxd8 22. Rc1 Kg8 23. Qb4 Re8 24. Rc2 Qd5 25. Rd2 Qc6 26. Rd6 Qc7 27. Kf2 Bd7 28. Nc3 a6 29. Ne4 Bc6 30. Nf6+ 1-0

[Event "FICGS W-ch st1 g04 email"]
[Site "FICGS email"]
[Date "2017.07.01"]
[Round "1"]
[White "Archip, Laurentiu"]
[Black "Pech, Jaroslav Sr"]
[Result "0-1"]
[WhiteElo "1496"]
[BlackElo "1248"]
[PlyCount "48"]
[EventDate "2017.??.??"]
[EventType "tourn (corr)"]
[EventRounds "8"]
[SourceTitle "Corr 2022"]
[Source "ChessBase"]
[SourceDate "2021.10.24"]
[SourceVersion "1"]
[SourceVersionDate "2021.10.24"]
[SourceQuality "1"]

1. d4 Nf6 2. Nf3 g6 3. g3 Bg7 4. Bg2 0-0 5. 0-0 d5 6. b3 Ne4 7. Bb2 c5 8. Nbd2 Qa5 9. Nxe4 dxe4 10. Ne5 cxd4 11. Bxd4 Bxe5 12. Bxe5 Qxe5 13. e3 Nc6 14. c4 Rd8 15. Qc2 Bf5 16. Rfd1 Bg4 17. Rxd8+ Rxd8 18. Rc1 Bf3 19. h4 Nb4 20. Qb1 Bxg2 21. Kxg2 Rd2 22. a3 Nd3 23. Qa1 Rxf2+ 24. Kh3 Qf5+ 0-1

[Event "FICGS W-ch st1 g04 email"]
[Site "FICGS email"]
[Date "2017.07.01"]
[Round "1"]
[White "Mohandoussaid, Malik"]
[Black "Archip, Laurentiu"]
[Result "1-0"]
[WhiteElo "1639"]
[BlackElo "1496"]
[PlyCount "49"]
[EventDate "2017.??.??"]
[EventType "tourn (corr)"]
[EventRounds "8"]
[SourceTitle "Corr 2022"]
[Source "ChessBase"]
[SourceDate "2021.10.24"]
[SourceVersion "1"]
[SourceVersionDate "2021.10.24"]
[SourceQuality "1"]

1. e4 c5 2. Nf3 g6 3. Be2 Bg7 4. 0-0 e6 5. d4 cxd4 6. Nxd4 Ne7 7. Be3 0-0 8. Qd2 Nbc6 9. c4 Qa5 10. Nc3 Nxd4 11. Bxd4 Bxd4 12. Qxd4 Nc6 13. Qf6 Qe5 14. Qh4 Nd4 15. Bd3 Kg7 16. f4 Qf6 17. Qh3 e5 18. Nd5 Qe6 19. f5 Qd6 20. f6+ Kh8 21. Qh6 Rg8 22. Ne7 Ne6 23. Rf3 Nf4 24. Nxg8 Nh5 25. Ne7 1-0

[Event "FICGS class E 000198 email"]
[Site "FICGS email"]
[Date "2017.06.17"]
[Round "1"]
[White "Archip, Laurentiu"]
[Black "Zemlyanov, Sergey Mikhailovich"]
[Result "0-1"]
[WhiteElo "1531"]
[BlackElo "1317"]
[PlyCount "48"]
[EventDate "2017.??.??"]
[EventType "tourn (corr)"]
[EventRounds "5"]
[SourceTitle "Corr 2022"]
[Source "ChessBase"]
[SourceDate "2021.10.24"]
[SourceVersion "1"]
[SourceVersionDate "2021.10.24"]
[SourceQuality "1"]

1. d4 d5 2. Nf3 Nf6 3. g3 c5 4. dxc5 e6 5. Bg2 Bxc5 6. 0-0 Nc6 7. c3 0-0 8. b4 Bd6 9. Nbd2 e5 10. Re1 e4 11. Nd4 Nxd4 12. cxd4 Bxb4 13. e3 Bg4 14. Qb3 Qa5 15. h3 Bd7 16. a4 Bxd2 17. Bxd2 Qxd2 18. Qxb7 Rfb8 19. Qa6 Rb2 20. Rf1 Rb6 21. Rfd1 Qxd1+ 22. Rxd1 Rxa6 23. Ra1 Rxa4 24. Rxa4 Bxa4 0-1

[Event "FICGS rapid C 000136 email"]
[Site "FICGS email"]
[Date "2017.01.04"]
[Round "1"]
[White "Vollmer, Steve"]
[Black "Archip, Laurentiu"]
[Result "1/2-1/2"]
[WhiteElo "1502"]
[BlackElo "1607"]
[PlyCount "109"]
[EventDate "2017.??.??"]
[EventType "tourn (rapid)"]
[EventRounds "4"]
[SourceTitle "Corr 2022"]
[Source "ChessBase"]
[SourceDate "2021.10.24"]
[SourceVersion "1"]
[SourceVersionDate "2021.10.24"]
[SourceQuality "1"]

1. d4 d5 2. c4 dxc4 3. e3 Nf6 4. Bxc4 g6 5. Nf3 Bg7 6. 0-0 0-0 7. Nc3 a6 8. a4 Nbd7 9. a5 c5 10. d5 b5 11. axb6 Nxb6 12. Ba2 Bb7 13. e4 Re8 14. Qc2 Rc8 15. h3 Rc7 16. Bf4 Rc8 17. Rfe1 Nh5 18. Bh2 c4 19. Rad1 Nf6 20. Nd4 Nfd7 21. Ne6 fxe6 22. dxe6 Kh8 23. exd7 Nxd7 24. e5 e6 25. Qe2 Qg5 26. f4 Qe7 27. Bb1 Nb6 28. Be4 Bxe4 29. Nxe4 Red8 30. Rd6 Rxd6 31. Nxd6 Rc5 32. Rc1 Qa7 33. Kf1 Nd5 34. Qf2 Qc7 35. g3 c3 36. bxc3 Rxc3 37. Rxc3 Qxc3 38. Bg1 a5 39. Ne4 Qd3+ 40. Qe2 Qxe2+ 41. Kxe2 Bf8 42. Bc5 Nc3+ 43. Nxc3 Bxc5 44. Ne4 Bb4 45. Kd3 Kg7 46. Kc4 Be1 47. Kb5 h5 48. Ng5 Bxg3 49. Kxa5 Kh6 50. Nxe6 g5 51. fxg5+ Kg6 52. Kb5 Bxe5 53. Kc5 Kf5 54. Kd5 Bg3 55. Ng7+ 1/2-1/2

[Event "FICGS class D 000206 email"]
[Site "FICGS email"]
[Date "2014.04.10"]
[Round "1"]
[White "Archip, Laurentiu"]
[Black "Trigance, Emile"]
[Result "0-1"]
[WhiteElo "1546"]
[BlackElo "1510"]
[PlyCount "56"]
[EventDate "2014.??.??"]
[EventType "tourn (corr)"]
[EventRounds "6"]
[SourceTitle "Corr 2022"]
[Source "ChessBase"]
[SourceDate "2021.10.24"]
[SourceVersion "1"]
[SourceVersionDate "2021.10.24"]
[SourceQuality "1"]

1. c4 e6 2. Nf3 d5 3. cxd5 exd5 4. g3 g6 5. Bg2 Bg7 6. 0-0 Ne7 7. d4 Nbc6 8. Nc3 0-0 9. a3 Bg4 10. Be3 Nf5 11. Qd2 Nxe3 12. fxe3 Ne7 13. b4 c6 14. a4 Re8 15. b5 Bxf3 16. exf3 Nf5 17. Rfe1 Qb6 18. Bh3 Nxe3 19. Rxe3 Rxe3 20. a5 Qxd4 21. Qxd4 Bxd4 22. Kg2 Bxc3 23. Ra3 Bd4 24. Rxe3 Bxe3 25. bxc6 bxc6 26. Bd7 c5 27. Bc6 Rd8 28. f4 c4 0-1

[Event "FICGS class D 000206 email"]
[Site "FICGS email"]
[Date "2014.04.10"]
[Round "1"]
[White "Hilbert, Stephan"]
[Black "Archip, Laurentiu"]
[Result "0-1"]
[WhiteElo "1597"]
[BlackElo "1546"]
[PlyCount "128"]
[EventDate "2014.??.??"]
[EventType "tourn (corr)"]
[EventRounds "6"]
[SourceTitle "Corr 2022"]
[Source "ChessBase"]
[SourceDate "2021.10.24"]
[SourceVersion "1"]
[SourceVersionDate "2021.10.24"]
[SourceQuality "1"]

1. b4 d5 2. Bb2 Nf6 3. e3 g6 4. Nf3 Bg7 5. Be2 0-0 6. d3 e6 7. Nbd2 Nbd7 8. 0-0 b5 9. c4 dxc4 10. dxc4 bxc4 11. Nxc4 a6 12. Nfe5 Nxe5 13. Nxe5 Bb7 14. Bf3 Qxd1 15. Raxd1 Bxf3 16. Nxf3 a5 17. b5 a4 18. a3 Rab8 19. Nd4 Nd5 20. e4 Ne7 21. Rb1 Rb6 22. Rfc1 Rc8 23. Nc6 Nxc6 24. Rxc6 Rxb5 25. Rc2 c5 26. f4 Rcb8 27. e5 f6 28. Re2 fxe5 29. fxe5 Kf7 30. Rf1+ Ke7 31. Bc1 h6 32. Bf4 c4 33. Rc1 Rc8 34. Rec2 Bxe5 35. Bxh6 c3 36. Bg5+ Ke8 37. Be3 Rc7 38. h3 Rb3 39. Bb6 Rc6 40. Be3 Rxa3 41. Rd1 Rd6 42. Rxd6 Bxd6 43. Bd4 Bb4 44. Kf2 Rb3 45. Ke3 a3 46. Kd3 Rb2 47. Bxc3 Bxc3 48. Kxc3 Rb8 49. Ra2 Ra8 50. Kd4 Ke7 51. g4 Kf6 52. Ke4 Ra4+ 53. Ke3 Kg5 54. Kf3 Kh4 55. Kg2 e5 56. Kh2 e4 57. Kg2 e3 58. Kf3 Kxh3 59. g5 Kh4 60. Kxe3 Kxg5 61. Kd3 Kf4 62. Kc3 g5 63. Kb3 Ra8 64. Kb4 g4 0-1

[Event "FICGS W-ch st1 g06 email"]
[Site "FICGS email"]
[Date "2014.03.03"]
[Round "1"]
[White "Archip, Laurentiu"]
[Black "Casals, Quim"]
[Result "0-1"]
[WhiteElo "1546"]
[BlackElo "1800"]
[PlyCount "102"]
[EventDate "2014.??.??"]
[EventType "tourn (corr)"]
[EventRounds "8"]
[SourceTitle "Corr 2022"]
[Source "ChessBase"]
[SourceDate "2021.10.24"]
[SourceVersion "1"]
[SourceVersionDate "2021.10.24"]
[SourceQuality "1"]

1. c4 e5 2. g3 Nf6 3. Bg2 c5 4. Nc3 d6 5. d3 Nbd7 6. Nf3 h6 7. 0-0 Be7 8. Nh4 0-0 9. Nf5 Rb8 10. Nb5 Nb6 11. Nxa7 Bxf5 12. Nb5 Nbd7 13. e4 Be6 14. f4 Nb6 15. fxe5 dxe5 16. a3 Bd7 17. a4 Bxb5 18. axb5 Nbd7 19. g4 Nh7 20. Bd2 Bg5 21. Bxg5 Qxg5 22. h3 Ra8 23. Ra3 Ndf6 24. Rf5 Qe3+ 25. Kh1 Qd4 26. Qc2 g6 27. Rf1 Kg7 28. Qc3 Qxc3 29. Rxc3 Ra2 30. Rb1 Ra7 31. b4 b6 32. bxc5 bxc5 33. Rcb3 Ng5 34. b6 Rb7 35. Ra1 Rfb8 36. Ra6 Nd7 37. Ra7 Nxb6 38. Rxb7 Rxb7 39. Rb5 Ne6 40. Kh2 Rb8 41. Ra5 Nd7 42. h4 Nd4 43. Kg3 Rc8 44. Ra7 Nf8 45. Bf3 Nfe6 46. Bd1 Rb8 47. Ba4 Kf6 48. Bd7 Rb3 49. Ra5 Rxd3+ 50. Kg2 Nb3 51. Ra6 Rxd7 0-1

[Event "FICGS class D 000202 email"]
[Site "FICGS email"]
[Date "2014.01.14"]
[Round "1"]
[White "Goldmund, Heike"]
[Black "Archip, Laurentiu"]
[Result "0-1"]
[WhiteElo "1456"]
[BlackElo "1537"]
[PlyCount "60"]
[EventDate "2014.??.??"]
[EventType "tourn (corr)"]
[EventRounds "6"]
[SourceTitle "Corr 2022"]
[Source "ChessBase"]
[SourceDate "2021.10.24"]
[SourceVersion "1"]
[SourceVersionDate "2021.10.24"]
[SourceQuality "1"]

1. e4 c5 2. b4 cxb4 3. a3 bxa3 4. Nxa3 g6 5. d4 Bg7 6. c3 Nf6 7. e5 Nd5 8. Bd2 Qc7 9. Nb5 Qd8 10. Bc4 e6 11. Nf3 a6 12. Nd6+ Kf8 13. Ng5 Nxc3 14. Bxc3 Qxg5 15. Nxc8 Qxg2 16. Bb4+ Ke8 17. Nd6+ Kd8 18. Nxf7+ Kc8 19. Nd6+ Kc7 20. Ke2 Nc6 21. Bc3 Rhf8 22. Qe1 Qf3+ 23. Kd2 Bh6+ 24. Kc2 Qxf2+ 25. Kb3 Nxd4+ 26. Bxd4 Qxd4 27. Rd1 Rf3+ 28. Ka2 Rf2+ 29. Kb3 Qb2+ 30. Ka4 b5+ 0-1

[Event "FICGS rapid C 000117 email"]
[Site "FICGS email"]
[Date "2014.01.02"]
[Round "1"]
[White "Archip, Laurentiu"]
[Black "Rosas, Fabiano"]
[Result "1-0"]
[WhiteElo "1537"]
[BlackElo "1587"]
[PlyCount "37"]
[EventDate "2014.??.??"]
[EventType "tourn (rapid)"]
[EventRounds "4"]
[SourceTitle "Corr 2022"]
[Source "ChessBase"]
[SourceDate "2021.10.24"]
[SourceVersion "1"]
[SourceVersionDate "2021.10.24"]
[SourceQuality "1"]

1. c4 f5 2. d4 d5 3. cxd5 Qxd5 4. Nc3 Qc4 5. e3 Qb4 6. a3 Qa5 7. Bd2 c6 8. Nf3 Na6 9. Be2 Be6 10. Ne5 Nf6 11. 0-0 Ne4 12. Nxe4 Qd5 13. Nc3 Qd6 14. Bxa6 bxa6 15. Qa4 g5 16. Qxa6 Bd7 17. Nxd7 Qxd7 18. Rac1 f4 19. e4 1-0

[Event "FICGS rapid C 000116 email"]
[Site "FICGS email"]
[Date "2013.12.04"]
[Round "1"]
[White "Archip, Laurentiu"]
[Black "Nudo, Davide"]
[Result "0-1"]
[WhiteElo "1503"]
[BlackElo "1699"]
[PlyCount "28"]
[EventDate "2013.??.??"]
[EventType "tourn (rapid)"]
[EventRounds "4"]
[SourceTitle "Corr 2022"]
[Source "ChessBase"]
[SourceDate "2021.10.24"]
[SourceVersion "1"]
[SourceVersionDate "2021.10.24"]
[SourceQuality "1"]

1. c4 e5 2. d4 exd4 3. Qxd4 Nc6 4. Qd1 Nf6 5. Nf3 d5 6. cxd5 Nxd5 7. a3 Bf5 8. b4 Qf6 9. Ra2 Bxb1 10. Bb2 Qg6 11. Ra1 Ndxb4 12. axb4 Bxb4+ 13. Nd2 0-0-0 14. Bc1 Bc2 0-1

[Event "FICGS rapid C 000116 email"]
[Site "FICGS email"]
[Date "2013.12.04"]
[Round "1"]
[White "Faust, Dieter"]
[Black "Archip, Laurentiu"]
[Result "1-0"]
[WhiteElo "1685"]
[BlackElo "1503"]
[PlyCount "45"]
[EventDate "2013.??.??"]
[EventType "tourn (rapid)"]
[EventRounds "4"]
[SourceTitle "Corr 2022"]
[Source "ChessBase"]
[SourceDate "2021.10.24"]
[SourceVersion "1"]
[SourceVersionDate "2021.10.24"]
[SourceQuality "1"]

1. d4 d5 2. c4 dxc4 3. Nf3 Nf6 4. e3 e6 5. Bxc4 Bb4+ 6. Bd2 Bxd2+ 7. Nbxd2 0-0 8. 0-0 c6 9. Bd3 b5 10. a4 Bd7 11. Ne5 a6 12. Nb3 b4 13. Rc1 a5 14. Qf3 g6 15. Nc5 Bc8 16. Qg3 Nbd7 17. Nxc6 Qb6 18. Qd6 Nxc5 19. Ne7+ Kg7 20. Qxb6 Nxd3 21. Rxc8 Raxc8 22. Nxc8 Rxc8 23. Qa6 1-0